A filosofia de Aristóteles (Registo nº 5081)
[ vista simples ]
| 000 -Etiqueta do registo | |
|---|---|
| Valores | 00672nam a22001931i 4500 |
| 090 ## - | |
| -- | 5081 |
| 100 ## - Dados gerais de processamento | |
| Dados gerais | 20170304u u u0frey50 ba |
| 101 0# - Língua de publicação | |
| -- | por |
| 200 1# - Titulo e menção de responsabilidade | |
| Primeira menção de responsabilidade | D. J. Allan |
| Título próprio | A filosofia de Aristóteles |
| 215 ## - Descrição física | |
| Paginação / Volumes | 199, [1] p. |
| Dimensões | 21 cm |
| 210 ## - Publicação | |
| Nome do editor | Presença |
| Local de publicação | Lisboa |
| Data de publicação | 1970 |
| 225 2# - Colecção | |
| Título próprio da colecção | Biblioteca de textos universitários |
| Indicação de volume | 59 |
| 410 #0 - | |
| -- | Biblioteca de textos universitários |
| 702 #1 - Autor secundário (pessoa individual) | |
| Apelido | Amado |
| Nome | Rui Gonçalo |
| -- | 730 |
| 700 #1 - Autor principal (pessoa individual) | |
| Apelido | Allan |
| Nome | D. J. |
| -- | 070 |
| 996 ## - ISO2709 | |
| -- | 0005521 |
| -- | ALL |
| -- | 00000000 |
| -- | 00000000 |
| -- | BMVA |
| -- | 1 |
| -- | Aguiar |
| -- | Filosofia |
| -- | 24 |
| -- | Livro |
| -- | 0 |
| -- | 1 |
| 996 ## - ISO2709 | |
| -- | 0027872 |
| -- | ALL |
| -- | 00000000 |
| -- | 00000000 |
| -- | BMVAAL |
| -- | 3 |
| -- | Alcáçovas |
| -- | Filosofia |
| -- | 24 |
| -- | Livro |
| -- | 0 |
| -- | 1 |
| 990 ## - Elementos KOHA | |
| Tipo de documento | Livro |
| Situação do levantamento | Estado | Biblioteca de origem | Biblioteca de empréstimo | Código de barras | Cota | Permissão de empréstimo | Tipo de documento | Localização na Estante | Nota relativa ao exemplar |
|---|---|---|---|---|---|---|---|---|---|
| Completo | Biblioteca Municipal de Viana Do Alentejo | Biblioteca Municipal de Viana Do Alentejo | 0001677AL | 14 ALL | Disponível | Livro | Depósito | cx. 243 vnt | |
| Completo | Biblioteca Municipal de Viana Do Alentejo | Biblioteca Municipal de Viana Do Alentejo Pólo Aguiar | 0007100 | 14 ALL | Disponível | Livro |